| 000 | 00563nam a2200181Ia 4500 | ||
|---|---|---|---|
| 008 | 090123s9999 xx 000 0 und d | ||
| 082 | _b32132 | ||
| 100 | _aकप्तान संजय | ||
| 245 | _aजादुगाराच जाळ | ||
| 250 | _a1 | ||
| 260 |
_bग्रंथाली प्रकाशन _c2000 |
||
| 300 | _a63 | ||
| 600 | _aकप्तान संजय | ||
| 630 | _aजादुगाराच जाळ | ||
| 700 | _aकप्तान संजय | ||
| 730 | _aजादुगाराच जाळ | ||
| 942 | _cBOOK | ||
| 999 |
_c70192 _d70192 |
||